The age of empire 1875-1914 (Record no. 1466915)

MARC details
000 -LEADER
fixed length control field 00982nam a2200181 4500
005 - DATE AND TIME OF LATEST TRANSACTION
control field 20260105154249.0
008 - FIXED-LENGTH DATA ELEMENTS--GENERAL INFORMATION
fixed length control field 260105b |||||||| |||| 00| 0 eng d
020 ## - INTERNATIONAL STANDARD BOOK NUMBER
International Standard Book Number 9780349105987
037 ## - SOURCE OF ACQUISITION
Terms of availability Textual
040 ## - CATALOGING SOURCE
Original cataloging agency RTl
Transcribing agency RTL
084 ## - COLON CLASSIFICATION NUMBER
Assigning agency RTL
100 ## - MAIN ENTRY--PERSONAL NAME
Personal name Hobsbawm, Eric
9 (RLIN) 861947
245 ## - TITLE STATEMENT
Title The age of empire 1875-1914
260 ## - PUBLICATION, DISTRIBUTION, ETC.
Place of publication, distribution, etc. London
Name of publisher, distributor, etc. Abacus Books
Date of publication, distribution, etc. 1994
300 ## - PHYSICAL DESCRIPTION
Extent 404 p.
Other physical details Includes bibliographical reference and index
520 ## - SUMMARY, ETC.
Summary, etc. In this third volume of his four-volume history of the modern world, as it has been produced by the development and expansion of the West, Eric Hobsbawm combines vast erudition with a graceful prose style to re-create the epoch that laid the basis for the twentieth century. “Though written by a professional historian,” Hobsbawm writes of his own work, “[it] is addressed not to other academics, but to all who wish to understand the world and who believe history is important for this purpose.
942 ## - ADDED ENTRY ELEMENTS (KOHA)
Source of classification or shelving scheme Colon Classification (CC)
Suppress in OPAC No
Koha item type Textual
Holdings
Withdrawn status Lost status Source of classification or shelving scheme Damaged status Not for loan Home library Current library Date acquired Total Checkouts Barcode Date last seen Price effective from Koha item type
    Colon Classification (CC)     Ratan Tata Library Ratan Tata Library 2026-01-05   RT1528598 2026-01-05 2026-01-05 Textual
Copyright @ Delhi University Library System